000
00331nam a22001457a 4500
008
210426b ||||| |||| 00| 0 eng d
020
_a
9781475835243
041
_a
eng
080
_2
52nd
_a
91
082
_a
91
100
_a
42
101
_a
GJEO
245
_a
Afrika The World today Series
_c
Francis W. Amoako
942
_2
udc
_c
BK
999
_c
56723
_d
56723